[Event "Hamburg HSK DWZ op 1st"]
[Site "Hamburg"]
[Date "2002.09.29"]
[Round "5"]
[White "Powazka, Henryk"]
[Black "Schneider, Peter"]
[Result "1/2-1/2"]
[WhiteElo "1381"]
[BlackElo "1528"]
[PlyCount "56"]
[EventDate "2002.09.??"]
[EventType "swiss"]
[EventRounds "5"]
[EventCountry "GER"]
[SourceTitle "EXT 2006"]
[Source "ChessBase"]
[SourceDate "2005.11.24"]
[SourceVersion "1"]
[SourceVersionDate "2005.11.24"]
[SourceQuality "1"]

1. b4 e5 2. Bb2 Bxb4 3. Bxe5 Nf6 4. e3 Nc6 5. Bb2 0-0 6. Bc4 d5 7. Bb3 d4 8. c3 dxc3 9. Nxc3 Bf5 10. Nge2 Qd6 11. Rc1 Rad8 12. d4 Rfe8 13. h3 Ne4 14. Kf1 Nxc3 15. Nxc3 Qg6 16. Bc2 Bxc3 17. Bxc3 Be4 18. Bxe4 Rxe4 19. Qd3 Rde8 20. Bd2 Qd6 21. Qb3 Nxd4 22. exd4 Qxd4 23. Be3 Rxe3 24. fxe3 Rxe3 25. Qc2 Qf6+ 26. Qf2 Qa6+ 27. Kg1 Re2 28. Qf1 Qb6+ 1/2-1/2

[Event "Hamburg HSK DWZ op 1st"]
[Site "Hamburg"]
[Date "2002.09.27"]
[Round "2"]
[White "Powazka, Henryk"]
[Black "Raedisch, Peter"]
[Result "1-0"]
[WhiteElo "1381"]
[BlackElo "1712"]
[PlyCount "97"]
[EventDate "2002.09.??"]
[EventType "swiss"]
[EventRounds "5"]
[EventCountry "GER"]
[SourceTitle "EXT 2006"]
[Source "ChessBase"]
[SourceDate "2005.11.24"]
[SourceVersion "1"]
[SourceVersionDate "2005.11.24"]
[SourceQuality "1"]

1. b4 e5 2. Bb2 f6 3. a3 d5 4. e3 Nh6 5. c4 c6 6. Nc3 Be6 7. cxd5 cxd5 8. Bb5+ Nd7 9. Nge2 a6 10. Ba4 Be7 11. Bb3 Nf8 12. 0-0 Ng6 13. e4 d4 14. Bxe6 dxc3 15. Bxc3 Qd3 16. f3 Nf7 17. Bxf7+ Kxf7 18. Qb3+ Kf8 19. Nc1 Qd7 20. Rd1 Rc8 21. d4 Qc7 22. Ne2 Qb6 23. Kh1 Qb5 24. Qb2 h6 25. d5 Kg8 26. Rac1 Kh7 27. Be1 Qb6 28. Qb3 Bd6 29. g3 Bb8 30. Kg2 Ba7 31. d6 Rxc1 32. Rxc1 Qxd6 33. Qf7 Qd3 34. Qc4 Qxa3 35. Rc3 Qa4 36. Bf2 Bxf2 37. Kxf2 Rd8 38. Rc1 Ne7 39. Nc3 Rd2+ 40. Ke1 Qd7 41. Nd5 Rxh2 42. Rd1 Qe6 43. Qc7 Nc6 44. Qxb7 Nd4 45. Rc1 Qd6 46. Rc7 Nc2+ 47. Kd1 Nxb4 48. Qxb4 Qxb4 49. Nxb4 1-0